| 000 | 00346nam a2200145Ia 4500 | ||
|---|---|---|---|
| 008 | 150201s1817 xx 000 0 und d | ||
| 082 |
_a612.015 _bA1817M |
||
| 100 | _aMCMURRAY | ||
| 245 | 2 | _aA SYNOPSIS OF HUMAN BIOCHEMISTRY | |
| 250 | _a1ST | ||
| 260 |
_bHORPER &ROW _aU.K _c1817 |
||
| 300 | _a1-319 | ||
| 650 | _aBIOCHEMISTRY | ||
| 942 |
_2ddc _cBK |
||
| 999 |
_c3124 _d3124 |
||